000
00218 a2200097 4500
020
_a
9780590474221
041
_a
spa
100
_a
imelda rodriguez
245
_a
cuento del ratoncito Zapata y el REy Chimuelo
942
_c
K
999
_c
30785
_d
30783